banner koha

Utilização de pesticidas na agropecuária dos municípios da Bacia do Alto Taquari de 1988 a 1996 e risco de contaminação do Pantanal, MS, Brasil (Registro n. 294003)

MARC details
000 -LÍDER
campo de controle de tamanho fixo 01102nac a22003257a 4500
001 - NÚMERO DE CONTROLE
campo de controle BR0500999
003 - IDENTIFICADOR DO NÚMERO DE CONTROLE
campo de controle BR-BrBNA
005 - DATA E HORÁRIO DA ÚLTIMA TRANSAÇÃO
campo de controle 20240105123113.0
008 - CAMPO DE DADOS FIXOS--INFORMAÇÃO GERAL
campo de controle de tamanho fixo 230509b bl.|||m| |||| 00| 0 por d
040 ## - FONTE DA CATALOGAÇÃO
Instituição da catalogação original BR-BrBNA
Idioma da catalogação por
Instituição que transcreveu o registro Biblioteca Nacional de Agricultura
072 ## - CÓDIGO DE CATEGORIA DE ASSUNTO
Código de Categoria de Assunto P10; T01
090 ## - NÚMERO DE CHAMADA LOCAL
Número de chamada P10 BR0500999
100 1# - ENTRADA PRINCIPAL--NOME PESSOAL
Nome pessoal Vieira, L.M.
100 1# - ENTRADA PRINCIPAL--NOME PESSOAL
Nome pessoal Galdino, S.
100 1# - ENTRADA PRINCIPAL--NOME PESSOAL
Nome pessoal Padovani, C.R.
110 1# - ENTRADA PRINCIPAL--NOME CORPORATIVO
Nome corporativo ou nome da jurisdição EMBRAPA Pantanal, Corumbá, MS (Brasil)
9 (RLIN) 3692
245 1# - TÍTULO
Título Utilização de pesticidas na agropecuária dos municípios da Bacia do Alto Taquari de 1988 a 1996 e risco de contaminação do Pantanal, MS, Brasil
260 3# - PUBLICAÇÃO, DISTRIBUIÇÃO, ETC.
Local de publicação, distribuição, etc. Corumbá, MS (Brasil):
Data da publicação, distribuição, etc. 2001.
300 ## - DESCRIÇÃO FÍSICA
Extensão 53 p.
490 ## - TÍTULO DA SÉRIE
Título da série Circular Técnica - EMBRAPA Pantanal (Brazil)
Número do volume ou designação sequencial da série no. 27
ISSN - International Standard Serial Number ISSN 1517-1965
500 ## - NOTA GERAL
Nota geral Summaries (En, Pt); 49 ref.; 10 tables
650 ## - ASSUNTO--TERMO TÓPICO
Cabeçalho tópico ou nome geográfico BACIA HIDROGRÁFICA
650 ## - ASSUNTO--TERMO TÓPICO
Cabeçalho tópico ou nome geográfico PESTICIDA
650 ## - ASSUNTO--TERMO TÓPICO
Cabeçalho tópico ou nome geográfico VEGETAÇÃO NATIVA
650 ## - ASSUNTO--TERMO TÓPICO
Cabeçalho tópico ou nome geográfico MEIO AMBIENTE
650 ## - ASSUNTO--TERMO TÓPICO
Cabeçalho tópico ou nome geográfico CONTAMINAÇÃO
650 ## - ASSUNTO--TERMO TÓPICO
Cabeçalho tópico ou nome geográfico MATO GROSSO DO SUL
909 ## -
-- 202312
-- Lúcia Elande
-- 55
-- Lúcia Elande
942 ## - ELEMENTOS DE ENTRADA ADICIONADOS (KOHA)
Fonte da classificação ou esquema de arquivamento na estante Classificação AGRIS
Ocultar no OPAC Não
Tipo de material Koha Monografia Seriada
Exemplares
Situação do descarte Fonte da classificação ou esquema de arquivamento na estante Situação física Não pode ser emprestado Coleção Biblioteca de origem Biblioteca atual Localização na estante Total de empréstimos Número de telefone completo Código de barras Data de último acesso Tipo de material Koha Fonte de aquisição
  Classificação AGRIS       Biblioteca Nacional de Agricultura - Binagri Biblioteca Nacional de Agricultura - Binagri Agrobase - Acervo Geral   P10 BR0500999 P10 BR0500999 18/12/2023 Monografia Seriada Portaria Interministerial nº 164/94

BINAGRI

Telefone: (61)3218-2567/2388/3357/2097 - binagri@agro.gov.br

Ministério da Agricultura e Pecuária , Esplanada dos Ministérios, Bloco D, Anexo B, Brasília/DF, CEP: 70.043-900